000 00908nmc a2200313 a 4500
003 AR-BaBNM
005 20251128203604.0
008 236019s1953 ||||||||||||||000 | spa||
040 _cAR-BaBNM
100 1 _aEcheverría, Esteban
_d1805-1851
245 1 0 _aDogma socialista
260 _aBuenos Aires
_bJackson
_c1953
300 1 _axxxi, 236 p.
490 0 _aGrandes Escritores Argentinos
_vv. 14
500 0 _aContiene ojeada retrospectiva - Palabras simbólicas
500 0 _aBiografía del autor en p. xi
650 4 _aGENERACION DE 1837
650 4 _aSALON LITERARIO
650 4 _aHISTORIA CONSTITUCIONAL
650 4 _aLIBERALISMO
650 4 _aHISTORIA DE LAS IDEAS
650 4 _aROMANTICISMO
650 4 _aASOCIACION DE MAYO
650 4 _aREACCIONES CONTRA ROSAS
700 1 _aPalcos, Alberto
_eprologuista
800 1 _aPalcos, Alfredo
_edirector
942 _cBK
998 _cisola
999 _c4036
_d4036